书目信息 |
| 题名: |
读通鉴论(节选)
|
|
| 作者: | 王夫之著 , 向燕南解读 | |
| 分册: | ||
| 出版信息: | 北京 中国国家图书馆出版社 2023.12 |
|
| 页数: | 506页 | |
| 开本: | 20cm | |
| 丛书名: | ||
| 单 册: | ||
| 中图分类: | Z121 | |
| 科图分类: | ||
| 主题词: | 丛书--中国 | |
| 电子资源: | ||
| ISBN: | 978-7-5013-8056-5 | |
| 000 | 00656nam0 2200193 450 | |
| 001 | 202512101137684719 | |
| 005 | 20251210105746.59 | |
| 010 | @a978-7-5013-8056-5@d100 | |
| 100 | @a20251210d km y0chiy0120 ea | |
| 101 | 0 | @achi |
| 200 | 1 | @a读通鉴论(节选)@ADu Tong Jian Lun(Jie Xuan)@f王夫之著,向燕南解读@FWang Fu Zhi Zhu,Xiang Yan Nan Jie Du |
| 210 | @a北京@c中国国家图书馆出版社@d2023.12 | |
| 215 | @a506页@d20cm | |
| 606 | 0 | @a丛书@x中国 |
| 690 | @aZ121@v4 | |
| 701 | 0 | @a王夫之著@AWang Fu Zhi Zhu |
| 701 | 0 | @a向燕南解读@AXiang Yan Nan Jie Du |
| 801 | 0 | @aCN@b大连网信软件有限公司图书馆·11@c20251210 |
| 905 | @aZUCC@b1440166@dZ121@e3530:69@f214401663 | |
| 读通鉴论(节选)/王夫之著,向燕南解读.-北京:中国国家图书馆出版社,2023.12 |
| 506页;20cm |
| ISBN 978-7-5013-8056-5:100 |
| ● |
| 相关链接 |
|
|
|
|
正题名:读通鉴论(节选)
索取号:Z121/3530:69
 
预约/预借
| 序号 | 登录号 | 条形码 | 馆藏地/架位号 | 状态 | 备注 |
| 1 | 1440166 | 214401663 | 第二样本阅览室/ [索取号:Z121/3530:69] | 在馆 |